Name The Hoop Land Team Names - Statistics

General Stats
  • This quiz has been taken 12 times
  • The average score is 12 of 30
Answer Stats
Hint Answer % Correct
Los Angeles Stars
100%
San Diego Surf
88%
New Orleans Airmen
63%
Brooklyn Ballers
63%
Denver Miners
63%
San Francisco Quakes
63%
Charlotte Stingers
63%
Atlanta Talons
63%
Orlando Orbiters
50%
Indiana Overdrive
50%
Chicago Blues
38%
Houston Cosmos
38%
Detroit Drift
38%
New York Empire
38%
Phoenix Firebirds
38%
Oklahoma City Outlaws
38%
Portland Roses
38%
Sacramento Royals
38%
Minnesota Sabers
38%
Milwaukee Spartans
38%
Boston Charms
25%
Cleveland Guardians
25%
Memphis Rockers
25%
San Antonio Sheriffs
25%
Toronto Towers
25%
Washington Agents
13%
Dallas Knights
13%
Miami Tides
13%
Philadelphia Founders
0%
Utah Summit
0%
No matching quizzes found
Score Distribution
Percent of People with Each Score
Percentile by Number Answered
Your Score History
You have not taken this quiz